000 00727nam a2200241 a 4500
008
020 _a0471818232 (cased)
049 _aMAIN
090 _aHF5547
_bWAS
100 1 _aWassel, Joanna L.
245 1 0 _aOffice systems supervision :
_bconcepts and applications /
_cJoanna L. Wassel, Rita C. Kutie.
260 _aNew York :
_bWiley,
_cc1987.
300 _axvii, 461 p. :
_bill. ;
_c24 cm.
500 _aIncludes index.
650 0 _aOffice management.
650 0 _aOffice practice
_xAutomation
_xManagement.
700 1 _aKutie, Rita.
907 _a.b10074624
_b16-04-12
_c17-04-03
003
005 20230123133409.0
040 _cNUST
942 _cBOOKS
_kHF5547
_mWAS
999 _c147890
_d147890